[Event "Tatry op"]
[Site "Tatranske Zruby"]
[Date "2008.09.27"]
[Round "1"]
[White "Sikora, Jan"]
[Black "Milanov, Yasen"]
[Result "1-0"]
[WhiteElo "2241"]
[BlackElo "1961"]
[PlyCount "81"]
[EventDate "2008.09.27"]
[EventType "swiss"]
[EventRounds "9"]
[EventCountry "SVK"]
[SourceTitle "CBM 126 Extra"]
[Source "ChessBase"]
[SourceDate "2008.11.05"]
[SourceVersion "1"]
[SourceVersionDate "2008.11.05"]
[SourceQuality "1"]

1. e4 e6 2. d4 d5 3. e5 c5 4. c3 Nc6 5. Nf3 cxd4 6. cxd4 Bb4+ 7. Bd2 Bxd2+ 8. Qxd2 f6 9. Bd3 Qc7 10. 0-0 Bd7 11. Nc3 a6 12. Rac1 f5 13. b4 Qb6 14. Bxf5 Nge7 15. Bc2 Nxb4 16. Rb1 Qa5 17. Ne2 Nec6 18. Bb3 0-0 19. Rfc1 Rac8 20. Rc5 Qa3 21. Rc3 Na5 22. Re3 Nbc6 23. Bxd5 Qe7 24. Bb3 Nxb3 25. Rexb3 b5 26. Rc3 Qf7 27. Rbc1 Ne7 28. Rc7 Nd5 29. Rxc8 Bxc8 30. Nc3 Nf4 31. Ne1 Qg6 32. f3 Bb7 33. Ne2 Nh3+ 34. Kf1 Ng5 35. Ng3 h5 36. Rc7 Bd5 37. Qc2 Qh6 38. h4 Nf7 39. Ne2 Kh8 40. Qc1 Qh7 41. Rc8 1-0

[Event "Kesarovski Georgiev Memorial 5th"]
[Site "Sunny Beach"]
[Date "2006.09.10"]
[Round "9.33"]
[White "Milanov, Yasen"]
[Black "Vasilev, Vasil Ts"]
[Result "1/2-1/2"]
[WhiteElo "2015"]
[BlackElo "1866"]
[PlyCount "39"]
[EventDate "2006.09.02"]
[EventType "swiss"]
[EventRounds "9"]
[EventCountry "BUL"]
[SourceTitle "CBM 114 Extra"]
[Source "ChessBase"]
[SourceDate "2006.11.03"]
[SourceVersion "1"]
[SourceVersionDate "2006.11.03"]
[SourceQuality "1"]

1. c4 Nf6 2. Nc3 c5 3. e4 Nc6 4. g3 d6 5. Bg2 g6 6. Nge2 Bg7 7. 0-0 0-0 8. h3 Ne8 9. d3 Nc7 10. Kh2 Rb8 11. a4 b6 12. f4 Bb7 13. Be3 Ne6 14. Rb1 Ned4 15. b3 Ba8 16. Qd2 a6 17. f5 Kh8 18. Bh6 Bb7 19. Bxg7+ Kxg7 20. Nd5 1/2-1/2

[Event "Kesarovski Georgiev Memorial 5th"]
[Site "Sunny Beach"]
[Date "2006.09.07"]
[Round "6.24"]
[White "Arnaudov, Petar"]
[Black "Milanov, Yasen"]
[Result "1-0"]
[WhiteElo "2189"]
[BlackElo "2015"]
[PlyCount "89"]
[EventDate "2006.09.02"]
[EventType "swiss"]
[EventRounds "9"]
[EventCountry "BUL"]
[SourceTitle "CBM 114 Extra"]
[Source "ChessBase"]
[SourceDate "2006.11.03"]
[SourceVersion "1"]
[SourceVersionDate "2006.11.03"]
[SourceQuality "1"]

1. e4 e6 2. d4 d5 3. e5 c5 4. c3 Nc6 5. a3 cxd4 6. cxd4 f6 7. f4 f5 8. Nf3 Be7 9. Bd3 Qa5+ 10. Nc3 Bd7 11. 0-0 Nh6 12. Kh1 0-0 13. Be3 a6 14. b4 Qd8 15. Na4 Na7 16. Nc5 Rb8 17. Qb3 Bxc5 18. dxc5 Nc6 19. a4 Ne7 20. b5 axb5 21. axb5 Ng6 22. Be2 Ng4 23. h3 Nxe3 24. Qxe3 Ra8 25. Nd4 Ne7 26. Qc3 Qc7 27. Rfc1 Rxa1 28. Qxa1 Rc8 29. Rc2 Kf7 30. Qa3 Qd8 31. Qa7 Qc7 32. Kh2 g6 33. g3 h5 34. h4 Be8 35. Nb3 Rb8 36. Nd4 Rc8 37. Rc3 Rb8 38. Bd1 Nc8 39. Qa3 Ne7 40. Rc1 Qd8 41. c6 bxc6 42. bxc6 Qb6 43. Qc5 Bxc6 44. Nxc6 Nxc6 45. Qxc6 1-0

[Event "Kesarovski Georgiev Memorial 5th"]
[Site "Sunny Beach"]
[Date "2006.09.04"]
[Round "3.34"]
[White "Milanov, Yasen"]
[Black "Kirilov, Kiril"]
[Result "1-0"]
[WhiteElo "2015"]
[BlackElo "1607"]
[PlyCount "103"]
[EventDate "2006.09.02"]
[EventType "swiss"]
[EventRounds "9"]
[EventCountry "BUL"]
[SourceTitle "CBM 114 Extra"]
[Source "ChessBase"]
[SourceDate "2006.11.03"]
[SourceVersion "1"]
[SourceVersionDate "2006.11.03"]
[SourceQuality "1"]

1. c4 Nf6 2. Nc3 d5 3. cxd5 Nxd5 4. g3 e5 5. Bg2 Nb6 6. d3 Be7 7. e4 Nc6 8. a3 Be6 9. Nge2 Qd7 10. Be3 Rd8 11. Nc1 Nd4 12. 0-0 0-0 13. f4 Bg4 14. Qd2 f6 15. f5 Bh5 16. h3 c5 17. g4 Bf7 18. Qf2 c4 19. Rd1 Bc5 20. Rb1 cxd3 21. Nxd3 Bd6 22. b4 Nc4 23. Bc1 Bc7 24. Nc5 Qc6 25. Nd5 Rfe8 26. Qf1 Nd6 27. Bb2 Bb6 28. Bxd4 exd4 29. Rbc1 Bxc5 30. Rxc5 Qa4 31. Ra5 Qb3 32. Rxd4 Nxe4 33. Bxe4 Rxd5 34. Raxd5 Rxe4 35. Rd8+ Re8 36. Rxe8+ Bxe8 37. Qc4+ Qxc4 38. Rxc4 Bc6 39. b5 Bxb5 40. Rc8+ Kf7 41. Rc7+ Kf8 42. Rxb7 a6 43. Kf2 Bc6 44. Rc7 Bb5 45. Kg3 Bd3 46. Kf4 Bf1 47. h4 Bg2 48. Ra7 Bf1 49. g5 fxg5+ 50. hxg5 Bd3 51. Ke5 Ke8 52. Rxg7 1-0

[Event "Kesarovski Georgiev Memorial 5th"]
[Site "Sunny Beach"]
[Date "2006.09.02"]
[Round "1.11"]
[White "Badev, Kiril"]
[Black "Milanov, Yasen"]
[Result "1-0"]
[WhiteElo "2340"]
[BlackElo "2015"]
[PlyCount "67"]
[EventDate "2006.09.02"]
[EventType "swiss"]
[EventRounds "9"]
[EventCountry "BUL"]
[SourceTitle "CBM 114 Extra"]
[Source "ChessBase"]
[SourceDate "2006.11.03"]
[SourceVersion "1"]
[SourceVersionDate "2006.11.03"]
[SourceQuality "1"]

1. e4 e6 2. d4 d5 3. Nd2 dxe4 4. Nxe4 Nd7 5. Nf3 Ngf6 6. Nxf6+ Nxf6 7. Bd3 c5 8. 0-0 cxd4 9. Nxd4 Bc5 10. Be3 Qb6 11. Bb5+ Ke7 12. a4 Rd8 13. c3 a5 14. Qe2 Kf8 15. Qc4 Rd5 16. Rad1 Bxd4 17. Bxd4 Qd8 18. Bxf6 gxf6 19. Rxd5 Qxd5 20. Qxd5 exd5 21. Rd1 Be6 22. Rd4 Ke7 23. f3 Rc8 24. Kf2 Kd6 25. Ke3 f5 26. Kf4 f6 27. g3 Rc7 28. Bd3 Bd7 29. Bxf5 Rc4 30. Rxc4 dxc4 31. Bxd7 Kxd7 32. Ke4 Kc6 33. Kd4 b5 34. g4 1-0

[Event "SVK-chT1W 0405"]
[Site "Slovakia"]
[Date "2005.??.??"]
[Round "9"]
[White "Vrbica, Ladislav"]
[Black "Milanov, Yasen"]
[Result "1/2-1/2"]
[WhiteElo "2065"]
[BlackElo "2035"]
[PlyCount "35"]
[EventDate "2004.10.??"]
[EventType "team-tourn"]
[EventRounds "11"]
[EventCountry "SVK"]
[SourceTitle "EXT 2006"]
[Source "ChessBase"]
[SourceDate "2005.11.24"]
[SourceVersion "1"]
[SourceVersionDate "2005.11.24"]
[SourceQuality "1"]

1. c4 e6 2. Nc3 d5 3. e3 Nf6 4. Nf3 Be7 5. b3 0-0 6. Bb2 b6 7. Be2 Bb7 8. 0-0 Nbd7 9. d4 Rc8 10. Rc1 c5 11. cxd5 exd5 12. h3 a6 13. dxc5 Nxc5 14. Nd4 Re8 15. Bd3 Nxd3 16. Qxd3 Bf8 17. Rfd1 Ne4 18. Nde2 1/2-1/2

[Event "Bratislava Slovan op"]
[Site "Bratislava"]
[Date "2004.05.04"]
[Round "5"]
[White "Milanov, Yasen"]
[Black "Vlcek, Stanislav"]
[Result "0-1"]
[WhiteElo "2046"]
[BlackElo "2310"]
[PlyCount "78"]
[EventDate "2004.05.??"]
[EventType "swiss"]
[EventRounds "9"]
[EventCountry "SVK"]
[SourceTitle "EXT 2005"]
[Source "ChessBase"]
[SourceDate "2004.11.15"]
[SourceVersion "1"]
[SourceVersionDate "2004.11.15"]
[SourceQuality "1"]

1. c4 g6 2. Nc3 Bg7 3. g3 d6 4. Bg2 Nf6 5. e3 0-0 6. Nge2 e5 7. d3 c6 8. e4 Be6 9. 0-0 Qd7 10. b4 d5 11. exd5 cxd5 12. c5 Na6 13. Ba3 Rfe8 14. d4 e4 15. Nf4 Bg4 16. f3 exf3 17. Bxf3 Nc7 18. Bb2 Bxf3 19. Qxf3 Ne4 20. Rad1 f5 21. Nce2 a5 22. bxa5 Rxa5 23. a3 Qb5 24. Nd3 Qb3 25. Nec1 Qc2 26. Qg2 Qc4 27. Nb4 Nb5 28. Qc2 Nxa3 29. Bxa3 Rxa3 30. Qxc4 dxc4 31. Rfe1 Rd8 32. c6 Bf8 33. Nca2 bxc6 34. Nxc6 Rc8 35. Nab4 Ra4 36. Rb1 Nd2 37. Ra1 Rxb4 38. Ne7+ Bxe7 39. Rxe7 Rb1+ 0-1

[Event "Bratislava Slovan op"]
[Site "Bratislava"]
[Date "2004.05.03"]
[Round "4"]
[White "Hudec, Jan"]
[Black "Milanov, Yasen"]
[Result "1/2-1/2"]
[WhiteElo "2117"]
[BlackElo "2046"]
[PlyCount "27"]
[EventDate "2004.05.??"]
[EventType "swiss"]
[EventRounds "9"]
[EventCountry "SVK"]
[SourceTitle "EXT 2005"]
[Source "ChessBase"]
[SourceDate "2004.11.15"]
[SourceVersion "1"]
[SourceVersionDate "2004.11.15"]
[SourceQuality "1"]

1. d4 d5 2. c4 e6 3. Nc3 Be7 4. Nf3 Nf6 5. Bg5 h6 6. Bh4 0-0 7. e3 b6 8. Be2 Bb7 9. Bxf6 Bxf6 10. cxd5 exd5 11. 0-0 Nd7 12. b4 a6 13. Qb3 Be7 14. a4 1/2-1/2

[Event "SVK-chT1W 0304"]
[Site "Slovakia"]
[Date "2003.??.??"]
[Round "3"]
[White "Hertel, Ondrej"]
[Black "Milanov, Yasen"]
[Result "0-1"]
[WhiteElo "1850"]
[BlackElo "2045"]
[PlyCount "120"]
[EventDate "2003.10.??"]
[EventType "team-tourn"]
[EventRounds "9"]
[EventCountry "SVK"]
[SourceTitle "EXT 2007"]
[Source "ChessBase"]
[SourceDate "2006.11.23"]
[SourceVersion "1"]
[SourceVersionDate "2006.11.23"]
[SourceQuality "1"]

1. d4 e6 2. c4 d5 3. Nc3 Nf6 4. Bg5 Be7 5. e3 dxc4 6. Bxc4 0-0 7. Nf3 b6 8. Qe2 Bb7 9. 0-0 Nbd7 10. Rfd1 Ne4 11. Bf4 Nxc3 12. bxc3 Nf6 13. Rac1 Ba3 14. Rc2 Qe7 15. Ne5 Rfd8 16. f3 Nh5 17. Bg3 Qg5 18. Kf2 Nf6 19. Ba6 Bxa6 20. Qxa6 Qf5 21. Qd3 Qxd3 22. Rxd3 Bd6 23. Rcd2 h6 24. e4 c5 25. Ke2 Rdc8 26. Ng4 Nxg4 27. Bxd6 c4 28. fxg4 cxd3+ 29. Kxd3 Rc6 30. e5 Rac8 31. Rc2 f6 32. c4 Kf7 33. h4 a6 34. g5 hxg5 35. hxg5 f5 36. Rc3 b5 37. c5 Rh8 38. Ke2 Rh4 39. Rd3 Rg4 40. Kf2 Rxg5 41. Rh3 Rc8 42. g3 Rg4 43. Ke3 a5 44. Kd3 Rg6 45. Kc3 Rh6 46. Rxh6 gxh6 47. Kd3 Rg8 48. c6 Rxg3+ 49. Kc2 Rg8 50. Kd3 Rc8 51. c7 Ke8 52. d5 Kd7 53. Kd4 h5 54. dxe6+ Kxe6 55. Kc5 h4 56. Kc6 h3 57. Kb7 Rxc7+ 58. Kxc7 h2 59. Kb6 h1Q 60. Kxa5 Qd5 0-1